Cities in the United States Sharing a Name - Statistics

General Stats
  • This quiz has been taken 191 times
  • The average score is 40 of 67
Answer Stats
State Letter City % Correct
Mississippi J Jackson
90%
Tennessee J Jackson
90%
New York A Albany
88%
Georgia A Albany
88%
Oregon A Albany
88%
Missouri S Springfield
88%
Massachusetts S Springfield
88%
Illinois S Springfield
88%
Ohio S Springfield
88%
Oregon S Springfield
88%
Missouri K Kansas City
87%
Kansas K Kansas City
87%
Oregon P Portland
86%
Maine P Portland
86%
Ohio C Columbus
84%
Georgia C Columbus
84%
Florida J Jacksonville
84%
North Carolina J Jacksonville
84%
South Carolina C Charleston
80%
West Virginia C Charleston
80%
Virginia R Richmond
79%
California R Richmond
79%
New York R Rochester
79%
Minnesota R Rochester
79%
Colorado A Aurora
77%
Illinois A Aurora
77%
South Carolina C Columbia
76%
Missouri C Columbia
76%
North Carolina W Wilmington
70%
Delaware W Wilmington
70%
North Carolina F Fayetteville
63%
Arkansas F Fayetteville
63%
Arizona P Peoria
59%
Illinois P Peoria
59%
North Carolina G Greenville
53%
South Carolina G Greenville
53%
Arizona G Glendale
51%
California G Glendale
51%
Texas P Pasadena
50%
California P Pasadena
50%
Minnesota B Bloomington
49%
Indiana B Bloomington
49%
Illinois B Bloomington
49%
Washington B Bellevue
47%
Nebraska B Bellevue
47%
California L Lancaster
47%
Pennsylvania L Lancaster
47%
Washington A Auburn
43%
Alabama A Auburn
43%
Illinois D Decatur
40%
Alabama D Decatur
40%
Kansas L Lawrence
38%
Massachusetts L Lawrence
38%
Oregon M Medford
36%
Massachusetts M Medford
36%
California U Union City
32%
New Jersey U Union City
32%
California N Norwalk
31%
Connecticut N Norwalk
31%
Colorado L Lakewood
26%
California L Lakewood
26%
Washington L Lakewood
26%
Ohio L Lakewood
26%
Minnesota S St. Cloud
25%
Florida S St. Cloud
25%
Colorado W Westminster
25%
California W Westminster
25%
No matching quizzes found
Score Distribution
Percent of People with Each Score
Percentile by Number Answered
Your Score History
You have not taken this quiz